Copper and health. (Record no. 39014)

MARC details
000 -LEADER
fixed length control field 00810cam a22002411 4500
001 - CONTROL NUMBER
control field med48001358
003 - CONTROL NUMBER IDENTIFIER
control field DLC
005 - DATE AND TIME OF LATEST TRANSACTION
control field 20260227111611.0
008 - FIXED-LENGTH DATA ELEMENTS--GENERAL INFORMATION
fixed length control field 771206s1947 nyu 000 0 eng
010 ## - LIBRARY OF CONGRESS CONTROL NUMBER
LC control number med48001358
035 ## - SYSTEM CONTROL NUMBER
System control number (OCoLC)3468402
040 ## - CATALOGING SOURCE
Original cataloging agency DLC
Transcribing agency NWM
Modifying agency DLC
042 ## - AUTHENTICATION CODE
Authentication code premarc
050 00 - LIBRARY OF CONGRESS CALL NUMBER
Classification number QP535.C9
Item number C57
110 2# - MAIN ENTRY--CORPORATE NAME
Corporate name or jurisdiction name as entry element Copper & Brass Research Association (U.S.)
245 10 - TITLE STATEMENT
Title Copper and health.
260 ## - PUBLICATION, DISTRIBUTION, ETC.
Place of publication, distribution, etc. New York
Date of publication, distribution, etc. [1947]
300 ## - PHYSICAL DESCRIPTION
Extent 47 p.
Dimensions 23 cm.
500 ## - GENERAL NOTE
General note "Much of the information ... was compiled by Dr. R. R. Sayers ... when he was serving as chief of the Division of industrial hygiene, United States Public health service.
500 ## - GENERAL NOTE
General note Bibliographical footnotes.
650 #0 - SUBJECT ADDED ENTRY--TOPICAL TERM
Topical term or geographic name entry element Copper
General subdivision Physiological effect.
700 1# - ADDED ENTRY--PERSONAL NAME
Personal name Sayers, R. R.
Fuller form of name (Royd Ray),
Dates associated with a name 1885-1965.

No items available.

Powered by Koha